Prima Lettera delle Città Cinesi - Statistics

Statistiche generali
  • Questo quiz è stato fatto 29 volte
  • Il punteggio medio è 8 su 21
Statistiche sulle risposte
Hint Risposta % Corretto
_echino P
84%
_hanghai S
84%
_uhan W
84%
_anton C
79%
_anchino N
63%
_i'an X
63%
_rümqi U
47%
_ientsin T
42%
_nshan A
37%
_aotou B
32%
_uiyang G
32%
_unming K
32%
_angzhou H
21%
_hengzhou Z
16%
_ongguan D
11%
_inan J
11%
_iqihar Q
11%
_oshan F
5%
_anzhou L
5%
_udanjiang M
5%
_antai Y
5%
Nessun quiz corrispondente trovato
Distribuzione punteggi
Percentuale di utenti per punteggio
Percentile per numero di risposta
I tuoi punteggi nel tempo
Non hai fatto questo quiz